Obama and Bush States Quiz Stats

 Plays Quiz Updated May 6, 2018

Challenge
Share
Tweet
Score 0/11 Timer 03:00
1 Play Today
% Correct
Florida
78.7%
Ohio
76.5%
North Carolina
64.6%
Virginia
64.6%
Indiana
56.7%
Colorado
50.8%
Iowa
49.7%
Nevada
48.5%
New Mexico
40.2%
New Hampshire
33.8%
Nebraska
31.5%

You're not logged in!

Compare scores with friends on all Sporcle quizzes.
OR
Log In

You Might Also Like...

Show Comments

Extras

Top Quizzes Today


Score Distribution

Your Account Isn't Verified!

In order to create a playlist on Sporcle, you need to verify the email address you used during registration. Go to your Sporcle Settings to finish the process.

Report this User

Report this user for behavior that violates our Community Guidelines.

Details: